| 000 | 00777cam a2200217 4500 | ||
|---|---|---|---|
| 001 | WB3612-31 | ||
| 008 | 000000n2000 000 0 eng u | ||
| 035 | _a(Sirsi) u104977 | ||
| 245 | _aStamp duty increase | ||
| 260 | _c2000 | ||
| 490 |
_aIndependent _v 22 March 2000, 5(1) |
||
| 520 | _aStamp duty was raised from 2.5% to 3% on properties costing between £250,000 and £500,000 and from 3.5% to 4% on property costing more than £500,000. The commercial property market is likely to be most affected, as 85% of property is valued at more than £500,000. | ||
| 590 | _aWB | ||
| 650 | _aSTAMP DUTY | ||
| 650 | _aBUDGET 2000 | ||
| 650 | _aHOUSE PRICES | ||
| 650 | _aPROPERTY-COMMERCIAL PROPERTY | ||
| 650 | _aBROWNFIELD SITES | ||
| 690 | _aTAXATION | ||
| 942 | _n0 | ||
| 999 |
_c62969 _d62969 |
||